000 00555nam a22001577a 4500
005 20251106114745.0
008 250902b |||||||| |||| 00| 0 eng d
050 _aTHE LB 2866 .M 33 2020
_b1
100 _aNJOROGE, MACHARIA PATRICK
245 _aA FRAME WORK FOR EFFECTIVE INFORMATION SECURITY RISK MANAGEMENT IN KENYAN PUBLIC UNIVERSITIES
260 _aKISII UNIVERSITY,
_bKISII UNIVERSITY,
_c2020,
300 _aXVi, 141 P, ILL
500 _aINCLUDES BIBLIOGRAPHIC REFERENCE
650 _aUNIVERSITIES SECURITY MEASURES-kENYA
942 _2lcc
_cREF
999 _c216069
_d216069